[Event "Reunion op 17th"]
[Site "St Denis"]
[Date "2015.10.10"]
[Round "8"]
[White "Petry, Joachim"]
[Black "Sandjivy, Mateo"]
[Result "0-1"]
[WhiteElo "1399"]
[BlackElo "1384"]
[PlyCount "80"]
[EventDate "2015.10.10"]
[EventType "swiss"]
[EventRounds "9"]
[EventCountry "RUF"]
[SourceTitle "CBM 168 Extra"]
[Source "ChessBase"]
[SourceDate "2015.10.29"]
[SourceVersion "1"]
[SourceVersionDate "2015.10.29"]
[SourceQuality "1"]

1. e4 e5 2. Bc4 Nf6 3. Nc3 Nc6 4. Nf3 Be7 5. 0-0 d6 6. h3 0-0 7. d4 exd4 8. Nxd4 Bd7 9. a3 Qc8 10. Kh2 Ne5 11. Bb3 c5 12. Nde2 Qc7 13. Kg1 Qc6 14. f3 Qb6 15. Be3 Be6 16. Nf4 Bxb3 17. cxb3 Qc6 18. Ncd5 Bd8 19. a4 a6 20. Rc1 Ned7 21. Ne2 Nxd5 22. exd5 Qb6 23. Nc3 Nf6 24. Na2 Re8 25. Bf2 Be7 26. b4 Qd8 27. Re1 cxb4 28. Nxb4 Qa5 29. Qb3 Kf8 30. Bg3 Qb6+ 31. Bf2 Qa5 32. Bd4 Rac8 33. Rxc8 Rxc8 34. Bc3 Qb6+ 35. Kh2 a5 36. Qa3 axb4 37. Bxb4 Nxd5 38. Re4 Nxb4 39. Qxb4 Qc7 40. Rg4 d5+ 0-1

[Event "Reunion op 16th"]
[Site "St Denis"]
[Date "2014.10.23"]
[Round "7"]
[White "Sandjivy, Mateo"]
[Black "Cochard, Franck Olivier"]
[Result "0-1"]
[WhiteElo "1432"]
[BlackElo "1655"]
[PlyCount "92"]
[EventDate "2014.10.18"]
[EventType "swiss"]
[EventRounds "9"]
[EventCountry "RUF"]
[SourceTitle "EXT 2015"]
[Source "ChessBase"]
[SourceDate "2014.11.20"]
[SourceVersion "1"]
[SourceVersionDate "2014.11.20"]
[SourceQuality "1"]

1. e4 d5 2. exd5 Nf6 3. Nf3 Bg4 4. Be2 Qxd5 5. Nc3 Qf5 6. d4 Nc6 7. 0-0 Nb4 8. Ne1 0-0-0 9. Bxg4 Nxg4 10. a3 Nc6 11. Be3 e5 12. d5 Nf6 13. Qf3 Qxf3 14. Nxf3 Nxd5 15. Nxd5 Rxd5 16. c3 Bc5 17. Rfe1 Bxe3 18. Rxe3 Rhd8 19. Rf1 f6 20. g4 Rd3 21. Kg2 Rxe3 22. fxe3 e4 23. Nd4 Nxd4 24. cxd4 Kd7 25. Rf4 Re8 26. h4 Re6 27. g5 fxg5 28. hxg5 Kd6 29. Rf5 Rg6 30. Kh3 h6 31. gxh6 gxh6 32. Re5 Re6 33. Rxe6+ Kxe6 34. Kg4 Kd5 35. b3 Ke6 36. Kf4 Kd5 37. Kf5 b6 38. Kg6 c5 39. dxc5 bxc5 40. Kxh6 c4 41. bxc4+ Kxc4 42. Kg5 Kd3 43. Kf4 a6 44. a4 a5 45. Ke5 Kxe3 46. Kd5 Kd3 0-1

[Event "Reunion op 16th"]
[Site "St Denis"]
[Date "2014.10.18"]
[Round "3"]
[White "Sandjivy, Mateo"]
[Black "Bah, Ismael"]
[Result "0-1"]
[WhiteElo "1432"]
[BlackElo "1745"]
[PlyCount "152"]
[EventDate "2014.10.18"]
[EventType "swiss"]
[EventRounds "9"]
[EventCountry "RUF"]
[SourceTitle "EXT 2015"]
[Source "ChessBase"]
[SourceDate "2014.11.20"]
[SourceVersion "1"]
[SourceVersionDate "2014.11.20"]
[SourceQuality "1"]

1. e4 c6 2. Nf3 d5 3. e5 Bf5 4. d4 e6 5. Nc3 a6 6. Bd3 Bxd3 7. Qxd3 c5 8. dxc5 Bxc5 9. Be3 Nd7 10. Bxc5 Nxc5 11. Qe3 Qc7 12. 0-0 Ne7 13. Rfd1 Rc8 14. Ne2 Nf5 15. Qf4 0-0 16. c3 Ne7 17. Ned4 Ng6 18. Qe3 Ne4 19. Nd2 Nxd2 20. Rxd2 Nxe5 21. b3 Qxc3 22. Qxc3 Rxc3 23. Re1 Nd7 24. h3 Rfc8 25. Rde2 Rc1 26. Rxc1 Rxc1+ 27. Kh2 Nc5 28. Nf5 g6 29. Ne7+ Kf8 30. Nc8 Nxb3 31. axb3 Rxc8 32. f3 d4 33. f4 Rc3 34. b4 d3 35. Rd2 Rb3 36. h4 Rxb4 37. Rxd3 Rxf4 38. g3 Rc4 39. Kh3 h6 40. Rb3 b5 41. Ra3 Rc6 42. Kg2 b4 43. Ra4 Rb6 44. Kf3 b3 45. Ra1 b2 46. Rb1 a5 47. Ke2 a4 48. Kd2 a3 49. Kc2 Rc6+ 50. Kb3 Rc1 51. Ka2 Rxb1 52. Kxb1 Ke7 53. Ka2 Kd6 54. Kb1 Ke5 55. Ka2 Ke4 56. Kb1 Kf3 57. Ka2 e5 58. Kb1 e4 59. Ka2 e3 60. Kb1 e2 61. Ka2 b1Q+ 62. Kxb1 e1R+ 63. Ka2 Rc1 64. Kxa3 Ke3 65. Kb2 Rc8 66. Kb3 Kd4 67. Kb2 Kd3 68. Kb1 Kd2 69. Kb2 Rb8+ 70. Ka3 Kc3 71. Ka4 Rb1 72. Ka5 Kc4 73. Ka6 Kc5 74. Ka7 Kc6 75. Ka8 Kc7 76. Ka7 Ra1# 0-1

[Event "Reunion op 15th"]
[Site "St Denis"]
[Date "2013.10.17"]
[Round "6"]
[White "Sandjivy, Mateo"]
[Black "Cazal, Julian"]
[Result "1-0"]
[WhiteElo "1570"]
[BlackElo "1120"]
[PlyCount "87"]
[EventDate "2013.10.12"]
[EventType "swiss"]
[EventRounds "9"]
[EventCountry "RUF"]
[SourceTitle "EXT 2014"]
[Source "ChessBase"]
[SourceDate "2013.11.20"]
[SourceVersion "1"]
[SourceVersionDate "2013.11.20"]
[SourceQuality "1"]

1. e4 e5 2. Nf3 Nc6 3. Bc4 h6 4. Nc3 Bc5 5. Bb5 a6 6. Bxc6 dxc6 7. Nxe5 Nf6 8. a3 0-0 9. 0-0 Be6 10. Nf3 Qd6 11. e5 Qe7 12. exf6 Qxf6 13. d4 Rad8 14. Be3 Qg6 15. Kh1 Bf5 16. Qe2 Bd6 17. Rac1 Rfe8 18. d5 c5 19. Nh4 Bg4 20. f3 Qh5 21. fxg4 Qxh4 22. h3 Qg3 23. Kg1 Qh2+ 24. Kf2 Qg3+ 25. Kg1 Rxe3 26. Qd2 Qh2+ 27. Kf2 Rg3 28. Rg1 Rxg2+ 29. Rxg2 Bg3+ 30. Kf3 Qxh3 31. Rxg3 Qh4 32. Kg2 Re8 33. Re1 Rd8 34. Qf2 Qg5 35. Qf5 Qd2+ 36. Re2 Qc1 37. Na4 Qd1 38. Qd3 Qc1 39. Rge3 g6 40. Re1 Qxe1 41. Rxe1 Rd6 42. Re8+ Kg7 43. Qc3+ Kh7 44. Qh8# 1-0

[Event "Reunion op 13th"]
[Site "St Denis"]
[Date "2011.10.03"]
[Round "4"]
[White "Sandjivy, Mateo"]
[Black "Pawlak, Roland"]
[Result "0-1"]
[WhiteElo "1220"]
[BlackElo "1480"]
[PlyCount "98"]
[EventDate "2011.10.01"]
[EventType "swiss"]
[EventRounds "9"]
[EventCountry "RUF"]
[SourceTitle "EXT 2012"]
[Source "ChessBase"]
[SourceDate "2011.11.24"]
[SourceVersion "1"]
[SourceVersionDate "2011.11.24"]
[SourceQuality "1"]

1. e4 c5 2. Bc4 d6 3. f4 e6 4. e5 dxe5 5. fxe5 Qd4 6. Bb5+ Bd7 7. Qe2 Bxb5 8. Qxb5+ Qd7 9. Qxd7+ Nxd7 10. Nf3 g6 11. b3 Bg7 12. Bb2 Ne7 13. 0-0 Nc6 14. Re1 0-0-0 15. Na3 Nb4 16. Ng5 f6 17. Nf7 Nxe5 18. Nxd8 Rxd8 19. d3 b5 20. Bxe5 fxe5 21. c3 Nxd3 22. Rad1 Nxe1 23. Rxe1 a6 24. c4 b4 25. Nc2 Rd2 26. Rc1 Bh6 27. Nxb4 cxb4 28. Ra1 Be3+ 29. Kf1 Bd4 30. Rc1 Rxa2 31. c5 Ra1 32. Rxa1 Bxa1 33. Ke2 Kc7 34. Kd3 Kc6 35. Kc4 Bd4 36. Kxb4 Bxc5+ 37. Kc4 a5 38. g3 e4 39. h3 e3 40. Kd3 Kb5 41. Kc2 Kb4 42. g4 e2 43. Kd2 Kxb3 44. Kxe2 a4 45. Kd1 a3 46. Kc1 a2 47. h4 a1Q+ 48. Kd2 Qe5 49. Kd3 Qe3# 0-1

[Event "Reunion op 13th"]
[Site "St Denis"]
[Date "2011.10.02"]
[Round "3"]
[White "Cazal, Julian"]
[Black "Sandjivy, Mateo"]
[Result "0-1"]
[WhiteElo "1050"]
[BlackElo "1220"]
[PlyCount "94"]
[EventDate "2011.10.01"]
[EventType "swiss"]
[EventRounds "9"]
[EventCountry "RUF"]
[SourceTitle "EXT 2012"]
[Source "ChessBase"]
[SourceDate "2011.11.24"]
[SourceVersion "1"]
[SourceVersionDate "2011.11.24"]
[SourceQuality "1"]

1. e4 e5 2. Nc3 Bc5 3. Nh3 Nh6 4. d3 Qf6 5. Qf3 Qxf3 6. gxf3 f5 7. Nd5 Bb6 8. Bxh6 gxh6 9. Nxb6 Kf7 10. Nd5 fxe4 11. fxe4 Kg7 12. Rg1+ Kf7 13. Be2 d6 14. Bh5+ Kf8 15. Rg3 Rg8 16. Rf3+ Kg7 17. Bf7 Rf8 18. Rg3+ Kxf7 19. d4 Rg8 20. Rf3+ Ke8 21. Nf6+ Kf8 22. Nxh7+ Kg7 23. Nf6 Rf8 24. dxe5 dxe5 25. Ne8+ Rxe8 26. 0-0-0 Kh8 27. Rf6 Kg7 28. Rf5 Bxf5 29. exf5 Rf8 30. Rd7+ Nxd7 31. b4 Rxf5 32. Kb2 Rxf2 33. Ka3 Rf3+ 34. Ka4 Rxh3 35. a3 Rxh2 36. Kb5 a6+ 37. Ka5 b6+ 38. Ka4 Rxc2 39. Kb3 Rh2 40. Kc4 e4 41. Kc3 e3 42. Kd3 Re8 43. a4 e2 44. b5 e1Q 45. bxa6 Rd2+ 46. Kc4 Re4+ 47. Kb3 Qe3# 0-1

[Event "Reunion op 13th"]
[Site "St Denis"]
[Date "2011.10.02"]
[Round "2"]
[White "Sandjivy, Mateo"]
[Black "Doulouma, Fabrice"]
[Result "0-1"]
[WhiteElo "1220"]
[BlackElo "1499"]
[PlyCount "102"]
[EventDate "2011.10.01"]
[EventType "swiss"]
[EventRounds "9"]
[EventCountry "RUF"]
[SourceTitle "EXT 2012"]
[Source "ChessBase"]
[SourceDate "2011.11.24"]
[SourceVersion "1"]
[SourceVersionDate "2011.11.24"]
[SourceQuality "1"]

1. e4 c5 2. f4 Nc6 3. Bc4 e6 4. Nf3 Nge7 5. d4 cxd4 6. Nxd4 g6 7. Nxc6 bxc6 8. 0-0 Bg7 9. Bd3 Bb7 10. f5 Bd4+ 11. Kh1 Qc7 12. fxg6 hxg6 13. h3 d5 14. Qf3 Rh7 15. exd5 0-0-0 16. dxe6 fxe6 17. Qg4 Nf5 18. Bxf5 gxf5 19. Qg6 Kb8 20. Bf4 e5 21. c3 exf4 22. cxd4 Rxd4 23. Qxf5 c5 24. Nc3 Rf7 25. Qh5 Rd2 26. Nb5 Bxg2+ 27. Kg1 Rg7 28. Qh8+ Kb7 29. Nxc7 Rg3 30. Qh4 Bxh3+ 31. Qxg3 fxg3 32. Rf3 Rg2+ 33. Kf1 Rf2+ 34. Ke1 Rxf3 35. Rd1 Kxc7 36. Ke2 Rf2+ 37. Ke3 Rf1 38. Rxf1 Bxf1 39. Kf3 g2 40. Kf2 Kd6 41. b3 Kd5 42. a4 a5 43. Kg1 Kd4 44. Kf2 Kc3 45. Kg1 Kxb3 46. Kf2 Kb2 47. Kg1 c4 48. Kh2 c3 49. Kg1 c2 50. Kf2 c1Q 51. Kg1 Qe3+ 0-1